Nothing - Statistiken

Allgemein
  • Dieses Quiz wurde 9 mal gespielt
  • Das Durchschnittsergebnis liegt bei 52 aus 200
Antwortstatistiken
Hint Antwort % Korrekt
054. Dua Lipa
75%
051. Ariana Grande
50%
135. Lana
50%
002. Margot Robbie
50%
004. Megan Fox
50%
053. Miley Cyrus
50%
003 Sydney Sweeney
50%
052. Taylor Swift
50%
142. AJ Lee
25%
194. Alessia Crippa
25%
157. Alessia Russo
25%
131. Alexa Bliss
25%
001. Alexandra Daddario
25%
182. Alexandria Loutitt
25%
164. Alica Schmidt
25%
176. Alice Robinson
25%
010. Ali Cobrin
25%
106. Alina Marzi
25%
107. Alina Zellhofer
25%
162. Alisha Lehmann
25%
160. Ana-Maria Markovic
25%
122. Anastasia Maruster
25%
149. Anastasia Potapova
25%
080. Anastasiya Avilova
25%
006. Angelina Jolie
25%
063. Anna-Carina Woitschack
25%
198. Anna Gandler
25%
191. Anna Gasser
25%
039. Anna-Katharina Fecher
25%
165. Anna Veith
25%
091. Annemarie Carpendale
25%
025. April Bowlby
25%
146. Aryna Sabalenka
25%
026. Aubrey Plaza
25%
058. Beatrice Egli
25%
129. Becky Lynch
25%
027. Brooke D'Orsay
25%
007. Cameron Diaz
25%
011. Candace Kroslak-van Dell
25%
134. Carmella
25%
193. Carmen Kainz
25%
140. Cassie Lee
25%
130. Charlotte Flair
25%
037. Charlott Reschke
25%
141. Chelsea Green
25%
183. Chiara Kreuzer
25%
156. Chloe Kelly
25%
126. Christina Hänni
25%
057. Christina Kosik
25%
012. Cobie Smulders
25%
153. Corinna Kamper
25%
179. Corinne Suter
25%
167. Cornelia Hütter
25%
116. Cornelia Kreuter
25%
005. Dakota Johnson
25%
074. Davina Geiss
25%
095. Diletta Leotta
25%
197. Dorothea Wierer
25%
040. Edita Malovcic
25%
120. Ekaterina Leonova
25%
083. Elena Miras
25%
022. Emilia Clarke
25%
155. Emma Felbermayr
25%
097. Emma Paton
25%
096. Eva Murati
25%
085. Evelyn Burdecki
25%
188. Femke Kok
25%
067. Fernanda Brandao
25%
185. Frida Karlsson
25%
148. Genie Bouchard
25%
158. Giulia Gwinn
25%
030. Gizem Emre
25%
048. Hailee Steinfeld
25%
196. Hannah Prock
25%
059. Helene Fischer
25%
041. Hilde Dalik
25%
186. Ida Marie Hagen
25%
152. Imke Salander
25%
035. Iris Mareike Steen
25%
163. Ivona Dadic
25%
093. Jana Wosnitza
25%
034. Janina Uhse
25%
195. Janine Flock
25%
013. Jennifer Aniston
25%
016. Jennifer Lawrence
25%
014. Jennifer Lopez
25%
015. Jennifer Taylor
25%
009. Jenny McCarthy
25%
024. Jessica Alba
25%
082. Jessica Haller
25%
161. Jordyn Huitema
25%
033. Josefin Bressel
25%
159. Jule Brand
25%
181. Juliane Seyfarth
25%
169. Julia Scheib
25%
073. Julia Willecke
25%
190. Jutta Leerdam
25%
175. Kajsa Vickhoff Lie
25%
018. Kaley Cuoco
25%
117. Karina Smirnoff
25%
104. Karina Toth
25%
115. Kateryna Mizera
25%
019. Kate Upton
25%
124. Kathrin Menzinger
25%
125. Katja Kalugina
25%
066. Kattia Vides
25%
046. Katy Perry
25%
023. Keira Knightley
25%
017. Kelly Rohrbach
25%
105. Kimberly Budinsky
25%
068. Kim Kardashian
25%
108. Kristina Inhof
25%
036. Lara Dandelion Seibert
25%
180. Lara Gut-Behrami
25%
143. Lara Vadlau
25%
079. Laura Müller
25%
086. Laura Wontorra
25%
089. Lena Gercke
25%
064. Lena Meyer-Landrut
25%
114. Lia Engel
25%
076. Lili Paul-Roncalli
25%
078. Lilly Becker
25%
173. Lindsey Vonn
25%
112. Little Caprice
25%
138. Liv Morgan
25%
145. Livvy Dunne
25%
094. Lola Weippert
25%
200. Lora Hristova
25%
109. Lucy Cat
25%
047. Madison Beer
25%
123. Malika Dzumaev
25%
077. Maria Maksimovic
25%
170. Marie-Therese Sporer
25%
043. Marie-Theres Müller
25%
062. Marie Wegener
25%
121. Mariia Maksina
25%
127. Marta Arndt
25%
136. Maryse
25%
110. Mary Wet
25%
055. Melissa Naschenweng
25%
128. Mercedes Mone
25%
111. Mia-Julia Brückner
25%
099. Michelle Hunziker
25%
174. Mikaela Shiffrin
25%
102. Mirjam Weichselbraun
25%
168. Nadine Fest
25%
101. Nadine Mayerhofer
25%
032. Nadine Menz
25%
171. Natalie Falch
25%
056. Natalie Holzner
25%
020. Natalie Portman
25%
092. Nazan Eckes
25%
087. Nele Ocik
25%
178. Nicol Delago
25%
071. Nicole Scherzinger
25%
133. Nikki Bella
25%
172. Nina Astner
25%
038. Nina Ensmann
25%
144. Paige Spiranac
25%
150. Pamela Reif
25%
069. Paris Hilton
25%
118. Patricija Ionel
25%
147. Paula Badosa
25%
151. Paulina Wallner
25%
028. Pia Stutzenstein
25%
090. Rebecca Mir
25%
119. Renata Lusin
25%
044. Rihanna
25%
137. Roxanne Perez
25%
192. Sabine Payer
25%
050. Sabrina Carpenter
25%
061. Sarah Engels
25%
049. Selena Gomez
25%
113. Shaiden Rogue
25%
045. Shakira
25%
075. Shania Geiss
25%
008. Shannon Elizabeth
25%
081. Shirin David
25%
031. Sila Sahin
25%
100. Silvia Schneider
25%
177. Sofia Goggia
25%
154. Sophia Flörsch
25%
088. Sophia Thomalla
25%
021. Sophie Turner
25%
070. Stella Stegmann
25%
166. Stephanie Venier
25%
189. Suzanne Schulting
25%
098. Sylvie Meis
25%
084. Tanja Tischewitsch
25%
065. Therese Gudmundsen
25%
184. Therese Johaug
25%
139. Tiffany Stratton
25%
199. Tiril Eckhoff
25%
132. Trish Stratus
25%
029. Valentina Pahde
25%
042. Valerie Huber
25%
187. Vanessa Herzog
25%
060. Vanessa Mai
25%
103. Victoria Swarovski
25%
072. Anna Stigl
0%
Keine übereinstimmenden Quizze gefunden
Verteilung der Resultate
Anzahl Personen mit jedem Resultat
Perzentil nach korrekt beantworteten Fragen
Ihre Resultats-Entwicklung
Sie haben dieses Quiz noch nicht gespielt